000
00295nam a2200133Ia 4500
008
191201s2019 xx 000 0 und d
100
_a
PRAKASH, B A
245
0
_a
Indian Economy Since 1991
250
_a
IMP
260
_a
N. Delhi
_b
Pearson
300
_a
691
650
_a
MBA
942
_2
ddc
_c
BK
999
_c
5377
_d
5377